|
|
|
|
| LEADER |
02720nam a22003973i 4500 |
| 001 |
EBC6695142 |
| 003 |
MiAaPQ |
| 005 |
20231204023217.0 |
| 006 |
m o d | |
| 007 |
cr cnu|||||||| |
| 008 |
231204s2016 xx o ||||0 ger d |
| 020 |
|
|
|a 9783839434383
|q (electronic bk.)
|
| 020 |
|
|
|z 9783837634389
|
| 035 |
|
|
|a (MiAaPQ)EBC6695142
|
| 035 |
|
|
|a (Au-PeEL)EBL6695142
|
| 035 |
|
|
|a (OCoLC)975223258
|
| 040 |
|
|
|a MiAaPQ
|b eng
|e rda
|e pn
|c MiAaPQ
|d MiAaPQ
|
| 100 |
1 |
|
|a Bung, Stephanie.
|
| 245 |
1 |
0 |
|a Phänomen Hörbuch :
|b Interdisziplinäre Perspektiven und medialer Wandel.
|
| 250 |
|
|
|a 1st ed.
|
| 264 |
|
1 |
|a Bielefeld :
|b transcript,
|c 2016.
|
| 264 |
|
4 |
|c {copy}2016.
|
| 300 |
|
|
|a 1 online resource (231 pages)
|
| 336 |
|
|
|a text
|b txt
|2 rdacontent
|
| 337 |
|
|
|a computer
|b c
|2 rdamedia
|
| 338 |
|
|
|a online resource
|b cr
|2 rdacarrier
|
| 490 |
1 |
|
|a Edition Kulturwissenschaft ;
|v v.95
|
| 505 |
0 |
|
|a Cover -- Inhalt -- Vorwort -- Was ist ein Hörbuch? -- Ist es überhaupt ein Buch? Dispositive zweier scheinbar verwandter Medien -- Das gesprochene Wort im Kommunikationsraum -- Bücher, die man hören kann, oder: Über das Fehlen editionswissenschaftlich informierter Audioeditionen -- Das Hörbuch als Kunst, oder: Kritik eines populären Gattungsbegriffs -- Hörbuch - Hörspiel - Hörlyrik -- Hörbuch oder Hörspiel? Zur radiophonen Realisation von Elfriede Jelineks Neid -- Das Gedicht im Hörbuch. Präsentationsformen und Rezeptionsweisen zeitgenössischer Hörlyrik -- Über die Grenze akustischer Mimesis. Nora Gomringers Auschwitz-Gedicht als audio-poetische Provokation -- Stimme und Erinnerung. Je me souviens von Georges Perec als Hörbuch -- Hörbücher erfahren -- Literatur lieber hören? Zum Einfluss des Hörens auf die Rezeptionsmotivation bei literarischen Texten im Deutschunterricht -- Werke Goethes im Medientransfer: Was kann das Hörbuch? -- Absorption - Aufhorchen - Überhören. Aufmerksamkeitsdynamiken des Hörbuch-Hörens -- „Ich benutze tatsächlich viele Zeichen aus der Musik." -- Autorinnen und Autoren.
|
| 588 |
|
|
|a Description based on publisher supplied metadata and other sources.
|
| 590 |
|
|
|a Electronic reproduction. Ann Arbor, Michigan : ProQuest Ebook Central, 2023. Available via World Wide Web. Access may be limited to ProQuest Ebook Central affiliated libraries.
|
| 655 |
|
4 |
|a Electronic books.
|
| 700 |
1 |
|
|a Schrödl, Jenny.
|
| 776 |
0 |
8 |
|i Print version:
|a Bung, Stephanie
|t Phänomen Hörbuch
|d Bielefeld : transcript,c2016
|z 9783837634389
|
| 797 |
2 |
|
|a ProQuest (Firm)
|
| 830 |
|
0 |
|a Edition Kulturwissenschaft
|
| 856 |
4 |
0 |
|u https://ebookcentral.proquest.com/lib/matrademy/detail.action?docID=6695142
|z Click to View
|